Statistics for Summer Olympics - Badminton Medals

Click here to take the quiz!

General Stats

  • This quiz has been taken 145 times
    (89 since last reset)
  • The average score is 9 of 11

Answer Stats

# Answer % Correct
41China
99%
3Japan
98%
19South Korea
94%
19Indonesia
93%
8Malaysia
91%
9Denmark
83%
2India
81%
1Spain
74%
1Russia
58%
3Great Britain
51%
1Netherlands
40%

Score Distribution

Percentile by Number Answered

Percent of People with Each Score

Your Score History

You have not taken this quiz since the last reset